000 00452nam a2200205Ia 4500
003 GCL
008 140319s9999 xx 000 0 aRus d
040 _aGCL /
_cGCL
082 0 4 _a782.1
_bA C
100 1 _aAZORIN
245 1 0 _aCASTILLA /
_cAZORIN
260 _a[S.N] :
_bESPASA - CALPE ،
_c1995
300 _a312
650 0 4 _aSPAIN
650 0 4 _aOPERA
650 0 4 _aOPERA CASTILLA
650 0 4 _aARTS
650 0 4 _aMUSIC
942 _2ddc
_cBK
999 _c12863
_d12863